[Event "Druzynowe Mistrzostwa Polski Juniorow - I Liga Juniorow 2019"]
[Site "Ustron"]
[Date "1899-12-30"]
[Round "4.10"]
[White "Wierzbicki, Dawid"]
[Black "Sobala, Filip"]
[Result "0-1"]
[WhiteTitle "I"]
[BlackTitle "II"]
[WhiteElo "1640"]
[BlackElo "1421"]

1. c4 e6 2. Nc3 d5 3. cxd5 exd5 4. d4 c6 5. Nf3 Bf5 6. g3 Nf6 7. Bg5 h6 8. Bf4
Bd6 9. Ne5 Bxe5 10. Bxe5 Nbd7 11. Bxf6 Nxf6 12. Bg2 O-O 13. O-O Qc8 14. b4 a6
15. a4 Re8 16. e3 Bh3 17. a5 Bxg2 18. Kxg2 Qc7 19. Na4 Re7 20. Rc1 Qd6 21. Nc5
Ne4 22. Qd3 Qf6 23. f3 Nd6 24. e4 dxe4 25. fxe4 Qg6 26. Rce1 Rd8 27. Qe3 Nb5 28.
Rd1 Rde8 29. Rd2 Nd6 30. e5 Nc4 31. Qd3 Nxd2 32. Qxd2 Rd8 33. Qc3 Qg4 34. Rf4
Qe2+ 35. Kg1 Rxe5 36. Nxb7 Qd1+ 37. Kg2 Re2+ 38. Kh3 g5 39. Nxd8 gxf4 40. Qxc6
fxg3 41. hxg3 Qf1+ 42. Kg4 Kg7 43. Qd5 h5+ 44. Kg5 f6+ 0-1

[Event "Druzynowe Mistrzostwa Polski Juniorow - I Liga Juniorow 2019"]
[Site "Ustron"]
[Date "1899-12-30"]
[Round "4.11"]
[White "Mazanowska, Aniela"]
[Black "Furtak, Joanna"]
[Result "0-1"]
[WhiteTitle "II"]
[BlackTitle "k"]
[WhiteElo "1250"]
[BlackElo "1879"]

1. e4 c5 2. b3 Nc6 3. Bb2 d6 4. Bb5 e5 5. Nc3 a6 6. Bc4 Nf6 7. Nge2 g6 8. O-O Bg7
9. d3 Nh5 10. Nd5 b5 11. f4 bxc4 12. bxc4 Be6 13. f5 Bxd5 14. cxd5 Nd4 15. g4
Qg5 16. Nxd4 cxd4 17. Bc1 Nf4 18. c3 O-O 19. cxd4 h5 20. Kh1 hxg4 21. dxe5 dxe5
22. d4 g3 23. Qf3 g2+ 24. Qxg2 Qxg2# 0-1

[Event "Druzynowe Mistrzostwa Polski Juniorow - I Liga Juniorow 2019"]
[Site "Ustron"]
[Date "1899-12-30"]
[Round "4.12"]
[White "Mroz, Lena"]
[Black "Goraj, Barbara"]
[Result "0-1"]
[WhiteTitle "I++"]
[BlackTitle "I++"]
[WhiteElo "1570"]
[BlackElo "1783"]

1. e4 c5 2. Nf3 Nc6 3. d4 cxd4 4. Nxd4 Nf6 5. Nc3 d6 6. Bg5 e6 7. Qd2 a6 8. O-O-O
Bd7 9. f4 b5 10. Bxf6 gxf6 11. Kb1 b4 12. Nce2 Qb6 13. Nxc6 Bxc6 14. f5 e5 15.
Ng3 h5 16. h4 Qc5 17. Bd3 Bh6 18. Qe2 Qe3 19. Nxh5 Ke7 20. Qxe3 Bxe3 21. g4 Rag8
22. Be2 Bxe4 23. Rh3 Bc5 24. Ng3 Bb7 25. Rh2 Be3 26. Nh5 a5 27. Rh3 Bc5 28. Rd2
a4 29. Bd1 Bc6 30. Rdd3 Bg2 31. Rhg3 Be4 32. Rh3 Bxd3 33. Rxd3 a3 34. Rh3 Bd4
35. c3 bxc3 36. bxc3 Bc5 37. Rh2 Rb8+ 38. Bb3 d5 39. Kc2 Rhc8 40. Rg2 Bd4 41.
Rg3 Rc5 42. Kd2 Rxb3 43. cxd4 Rxg3 44. Nxg3 Rb5 45. Ne2 Rb2+ 46. Kd1 exd4 47.
Nxd4 Rxa2 48. Kc1 Rg2 49. Kb1 Rxg4 50. Nb3 Rxh4 51. Ka2 Rh2+ 52. Kxa3 Rh3 53.
Kb4 Rxb3+ 0-1

[Event "Druzynowe Mistrzostwa Polski Juniorow - I Liga Juniorow 2019"]
[Site "Ustron"]
[Date "1899-12-30"]
[Round "4.13"]
[White "Niedbala, Bartlomiej"]
[Black "Krych, Dominik"]
[Result "1-0"]
[WhiteTitle "k"]
[BlackTitle "III"]
[WhiteElo "2120"]
[BlackElo "1472"]

1. d4 Nf6 2. c4 e5 3. e3 exd4 4. exd4 Bb4+ 5. Nc3 O-O 6. Bd3 d5 7. Nge2 c5 8. O-O
Nc6 9. Nxd5 Nxd5 10. cxd5 Qxd5 11. a3 Ba5 12. dxc5 Rd8 13. Nf4 Qd4 14. Qc2 Bc7
15. Be3 Qf6 16. Ne2 Ne5 17. Bxh7+ Kh8 18. Be4 Qh4 19. g3 Qg4 20. f3 Qe6 21. Nf4
Qa6 22. Rad1 Be6 23. Nxe6 Qxe6 24. Kg2 g6 25. Bd4 Kh7 26. Rfe1 Nc6 27. Bxc6 Qxc6
28. Re4 Rd5 29. Rh4+ 1-0

[Event "Druzynowe Mistrzostwa Polski Juniorow - I Liga Juniorow 2019"]
[Site "Ustron"]
[Date "1899-12-30"]
[Round "4.14"]
[White "Leskiewicz, Ignacy"]
[Black "Galuszka, Tomasz"]
[Result "1/2-1/2"]
[WhiteTitle "k"]
[BlackTitle "k"]
[WhiteElo "2120"]
[BlackElo "2112"]

1. e4 c6 2. d4 d5 3. exd5 cxd5 4. c4 Nf6 5. Nc3 e6 6. c5 Be7 7. Nf3 O-O 8. Qc2
b6 9. b4 a5 10. Na4 Nbd7 11. a3 axb4 12. axb4 bxc5 13. dxc5 e5 14. Be2 Ba6 15.
O-O Bxe2 16. Qxe2 Qc7 17. Bb2 e4 18. Nd4 Qf4 19. h3 Bd8 20. Qe3 Qe5 21. Nc6 d4
22. Qxd4 Qe6 23. Nxd8 Rfxd8 24. Rfd1 Nf8 25. Qxd8 Rxd8 26. Rxd8 e3 27. Re1 exf2+
28. Kxf2 Ne4+ 29. Kg1 Qf5 30. Bd4 Qg5 31. Rxf8+ Kxf8 32. Rxe4 Qc1+ 33. Kh2 f5
34. Re3 Qd1 35. Be5 Qxa4 36. Bd6+ Kf7 37. Re7+ Kf6 38. Rb7 g5 39. b5 f4 40. b6
Qc2 41. Rb8 Qf2 42. Rf8+ Kg7 1/2-1/2

[Event "Druzynowe Mistrzostwa Polski Juniorow - I Liga Juniorow 2019"]
[Site "Ustron"]
[Date "1899-12-30"]
[Round "4.15"]
[White "Dziendziel, Mateusz"]
[Black "Klimkowski, Jan"]
[Result "0-1"]
[WhiteTitle "I"]
[BlackTitle "I"]
[WhiteElo "1753"]
[BlackElo "1932"]

1. e4 c5 2. Nf3 d6 3. d4 cxd4 4. Nxd4 Nf6 5. Nc3 a6 6. Qf3 Qc7 7. Bg5 Nbd7 8. O-O-O
b5 9. Nd5 Nxd5 10. exd5 Bb7 11. Be2 Rc8 12. Rhe1 h6 13. Bh4 Ne5 14. Qb3 Qc5 15.
Nf3 Nc4 16. Bxc4 Qxc4 17. Qxc4 Rxc4 18. Rd3 Kd7 19. Bg3 g6 20. Red1 h5 21. h4
Bh6+ 22. Kb1 Rhc8 23. Ne1 b4 24. f3 a5 25. b3 R4c7 26. Bf2 Ba6 27. R3d2 Bxd2 28.
Rxd2 Rb7 29. g3 Rb5 30. Ng2 Bb7 31. Nf4 Ra8 32. Kc1 a4 0-1

[Event "Druzynowe Mistrzostwa Polski Juniorow - I Liga Juniorow 2019"]
[Site "Ustron"]
[Date "1899-12-30"]
[Round "4.16"]
[White "Paprocki, Antoni"]
[Black "Herwy, Jakub"]
[Result "1-0"]
[WhiteTitle "I"]
[BlackTitle "I+"]
[WhiteElo "1704"]
[BlackElo "1641"]

1. e4 c5 2. Nf3 e6 3. d4 cxd4 4. Nxd4 a6 5. Bd3 Qb6 6. Nb3 Qc7 7. O-O Nf6 8. a4
Be7 9. Nc3 b6 10. f4 d6 11. Qf3 Bb7 12. Bd2 Nbd7 13. Rae1 O-O 14. Kh1 Rfe8 15.
Qh3 e5 16. f5 d5 17. exd5 Nxd5 18. Nxd5 Bxd5 19. f6 Nxf6 20. Rxf6 e4 21. Rxe4
Bxe4 22. Bxe4 g6 23. Rf1 Rad8 24. Bc3 Bf8 25. Qf3 Bg7 26. Bd5 Re7 27. Bxg7 Kxg7
28. c4 Qe5 29. Qf2 Rd6 30. Nd4 Rf6 31. Nf3 Qf4 32. g3 Qf5 33. Qd4 Re2 34. Rf2
Rxf2 35. Qxf2 g5 36. Qd2 h6 37. Qe2 Qh3 38. Kg1 Qd7 39. b3 Qf5 40. Kg2 Qb1 41.
Nd2 Qb2 42. Qd3 a5 43. Bf3 Qe5 44. Ne4 Re6 45. Nf2 Qb2 46. Bd5 Re2 47. Qf3 f6
48. Be4 Qd2 49. Qf5 Qd4 50. Qg6+ Kf8 51. Qxh6+ Ke7 52. Qg7+ Ke8 53. Qg8+ Ke7 54.
Qg7+ Ke8 55. Qg6+ Ke7 56. Qf5 Rxf2+ 57. Qxf2 Qxe4+ 58. Qf3 Qc2+ 59. Kg1 Qc1+ 60.
Kf2 Qb1 61. Qe3+ Kd7 62. Qxb6 Qc2+ 63. Kf3 Qf5+ 64. Ke2 Qc2+ 65. Ke3 Qc3+ 66.
Ke4 Qe5+ 67. Kd3 Qf5+ 68. Kc3 Qf3+ 69. Kb2 Qe2+ 70. Ka3 Qf1 71. Qxa5 Qc1+ 72.
Kb4 Qe1+ 73. Kb5 Qe5+ 74. c5 Qe2+ 75. Kb6 Qe6+ 76. Ka7 Qe7 77. Qb5+ Kc8+ 78. Ka6
Qe4 79. c6 Kc7 80. Qb7+ Kd6 81. Qd7+ Kc5 82. Qa7+ Kd6 83. Qb8+ Kc5 84. b4+ Kc4
85. Qb5+ Kb3 86. c7 Qa8+ 87. Kb6 g4 88. Qc6 Qc8 89. a5 f5 90. a6 f4 91. gxf4 g3
92. hxg3 Kxb4 93. a7 Qf5 94. a8=Q Qd5 95. Qaa4# 1-0

[Event "Druzynowe Mistrzostwa Polski Juniorow - I Liga Juniorow 2019"]
[Site "Ustron"]
[Date "1899-12-30"]
[Round "4.17"]
[White "Adamczyk, Zuzanna"]
[Black "Waligora, Julia"]
[Result "1-0"]
[WhiteTitle "k"]
[BlackTitle "I"]
[WhiteElo "1872"]
[BlackElo "1558"]

1. e4 e6 2. d4 d5 3. Nd2 Nf6 4. e5 Nfd7 5. Bd3 c5 6. c3 Nc6 7. Ne2 cxd4 8. cxd4
f6 9. exf6 Qxf6 10. Nf3 h6 11. O-O Bd6 12. Ng3 O-O 13. Bc2 Re8 14. Re1 Nf8 15.
Ne5 Bxe5 16. dxe5 Qf7 17. Qg4 Kh8 18. Nh5 Ne7 19. Qd1 Bd7 20. Re3 Nf5 21. Rh3
Rac8 22. Bd3 Bc6 23. g4 Ne7 24. g5 Nf5 25. gxh6 gxh6 26. Ng3 Nh7 27. Bxh6 Rc7
28. Qg4 Rg8 29. Bg5 Rg6 30. Nxf5 exf5 31. Bxf5 Rxg5 32. Qxg5 Qg8 33. Qxg8+ Kxg8
34. Bxh7+ Rxh7 35. Rxh7 Kxh7 36. f4 Kg6 37. Kf2 Kf5 38. Ke3 a6 39. Rg1 Be8 40.
Rg5+ Ke6 41. Kd4 Bc6 42. h4 Be8 43. h5 Bxh5 44. Rxh5 a5 45. f5+ Ke7 46. Kxd5 1-0

[Event "Druzynowe Mistrzostwa Polski Juniorow - I Liga Juniorow 2019"]
[Site "Ustron"]
[Date "1899-12-30"]
[Round "4.19"]
[White "Raczynski, Krzysztof"]
[Black "Fiedorek, Michal"]
[Result "1-0"]
[WhiteTitle "k+"]
[BlackTitle "k"]
[WhiteElo "2170"]
[BlackElo "2158"]

1. e4 c5 2. Nf3 d6 3. d4 cxd4 4. Nxd4 Nf6 5. Nc3 Nc6 6. Bg5 e6 7. Qd2 a6 8. O-O-O
Bd7 9. f4 b5 10. Bxf6 gxf6 11. Kb1 b4 12. Nce2 Qb6 13. Nxc6 Bxc6 14. f5 e5 15.
Ng3 h5 16. h4 Qc5 17. Qe2 Ke7 18. Nxh5 Bb5 19. Qg4 Bh6 20. Rd5 Qc7 21. Qd1 Bc6
22. Bc4 Rac8 23. g4 Bxd5 24. Bxd5 Be3 25. Bb3 Qc6 26. g5 fxg5 27. f6+ Kd8 28.
Bxf7 Kc7 29. Bd5 Qb6 30. Ng7 gxh4 31. f7 Kb8 32. Ne6 h3 33. Qf3 Bf4 34. f8=Q Rcxf8
35. Nxf8 Rxf8 36. Qxh3 Rc8 37. a3 a5 38. axb4 Qxb4 39. Qd7 Qb6 40. Rh3 Rd8 41.
Qa4 Qc7 42. Qb5+ Ka7 43. Rh7 1-0

[Event "Druzynowe Mistrzostwa Polski Juniorow - I Liga Juniorow 2019"]
[Site "Ustron"]
[Date "1899-12-30"]
[Round "4.20"]
[White "Hryn, Zofia"]
[Black "Butyrowski, Marcel"]
[Result "1/2-1/2"]
[WhiteTitle "I++"]
[BlackTitle "I++"]
[WhiteElo "1622"]
[BlackElo "2041"]

1. c4 Nf6 2. Nc3 e6 3. e4 d5 4. e5 d4 5. exf6 dxc3 6. bxc3 Qxf6 7. d4 Bd6 8. Nf3
h6 9. Bd3 O-O 10. O-O Bd7 11. Be4 Nc6 12. Rb1 Rab8 13. Bc2 Ne7 14. c5 Bf4 15.
Qd3 g6 16. Bxf4 Qxf4 17. Ne5 Bc6 18. g3 Qf6 19. Qe3 Qg7 20. Be4 Nd5 21. Bxd5 exd5
22. Nxc6 bxc6 23. Qe7 Rbe8 24. Qxc7 Qf6 25. Rbe1 h5 26. Rxe8 Rxe8 27. Qxa7 Qf3
28. Qd7 Re6 29. Qd8+ Kg7 30. a4 Rf6 31. h4 g5 32. hxg5 Rf5 33. g6 fxg6 34. Qe7+
Rf7 35. Qe5+ Kh7 36. Qe3 Qg4 37. Kh2 h4 38. gxh4 Rf3 39. Qe7+ Kg8 40. Qe8+ Rf8
41. Qe5 Qxh4+ 42. Kg2 Rf5 43. Qb8+ Kg7 44. Qc7+ Kg8 45. Qb8+ Kg7 46. Qc7+ Kg8
47. Qb8+ 1/2-1/2

[Event "Druzynowe Mistrzostwa Polski Juniorow - I Liga Juniorow 2019"]
[Site "Ustron"]
[Date "1899-12-30"]
[Round "4.21"]
[White "Wojdak, Jan"]
[Black "Wielgus, Wojciech"]
[Result "1-0"]
[WhiteTitle "I"]
[BlackTitle "I"]
[WhiteElo "1803"]
[BlackElo "1821"]

1. e4 e5 2. Nf3 Nc6 3. Bb5 a6 4. Ba4 Nf6 5. d4 exd4 6. e5 Nd5 7. Bb3 Bb4+ 8. Bd2
Bxd2+ 9. Qxd2 Nb6 10. O-O O-O 11. a4 a5 12. Na3 d6 13. exd6 cxd6 14. Nxd4 d5 15.
c3 Qf6 16. Nab5 Nxd4 17. Nxd4 Nc4 18. Bxc4 dxc4 19. Qe2 Qa6 20. Rfe1 Bd7 21. Qe7
Bc6 22. Qg5 Bd7 23. Re3 Qg6 24. Qd5 Bc6 25. Nxc6 Qxc6 26. Qxc6 bxc6 27. Re4 Rab8
28. Rxc4 Rxb2 29. Rxc6 g6 30. Rc5 Rfb8 31. g3 Rc2 32. Rxa5 Rxc3 33. Ra2 Kg7 34.
Rd5 Rb7 35. a5 Ra7 36. Kf1 Kf6 37. Rb5 Rc6 38. h4 h5 39. Kg2 Kg7 40. Kf1 Kf6 41.
Ke2 Ke6 42. Rab2 Kd6 43. Rb7 Rxa5 44. Rxf7 Re5+ 45. Kf3 Re6 46. Rd2+ Ke5 47. Kg2
Rf6 48. Re7+ Rfe6 49. Re2+ Kf6 50. R7xe6+ Rxe6 51. Rxe6+ Kxe6 52. Kf3 Kf5 53.
Ke3 Ke5 54. f3 Kf5 55. Kd4 Kf6 56. Ke4 Ke6 57. Kf4 Kf6 58. Ke4 Ke6 59. Kd4 Kd6
60. Ke4 Ke6 1-0

[Event "Druzynowe Mistrzostwa Polski Juniorow - I Liga Juniorow 2019"]
[Site "Ustron"]
[Date "1899-12-30"]
[Round "4.22"]
[White "Warchol, Kamil"]
[Black "Stanislawski, Karol"]
[Result "1-0"]
[WhiteTitle "CM"]
[BlackTitle "II"]
[WhiteElo "1639"]
[BlackElo "1279"]

1. e4 d6 2. d4 Nf6 3. Nc3 g6 4. Nf3 Bg7 5. Be2 O-O 6. O-O e5 7. Bg5 exd4 8. Nxd4
h6 9. Bh4 Re8 10. f3 Nc6 11. Bf2 d5 12. Bb5 Bd7 13. exd5 Nxd4 14. Bxd7 Nxf3+ 15.
Qxf3 Qxd7 16. h3 Rad8 17. Rad1 Re5 18. d6 cxd6 19. Bxa7 Rf5 20. Qd3 Rxf1+ 21.
Rxf1 Ra8 22. Bd4 Nh5 23. Bxg7 Nxg7 24. Nd5 Kh8 25. Nb6 Qd8 26. Nxa8 Qxa8 27. Rxf7
Nf5 28. Qc3+ Kg8 29. Qf6 Qa7+ 30. Kh2 1-0

[Event "Druzynowe Mistrzostwa Polski Juniorow - I Liga Juniorow 2019"]
[Site "Ustron"]
[Date "1899-12-30"]
[Round "4.23"]
[White "Szelag, Zuzanna"]
[Black "Hryn, Aleksandra"]
[Result "1-0"]
[WhiteTitle "k"]
[BlackTitle "I+"]
[WhiteElo "1942"]
[BlackElo "1611"]

1. e4 e5 2. Nf3 Nf6 3. Nc3 d6 4. d4 Nbd7 5. g4 h6 6. g5 exd4 7. Qxd4 c5 8. Qa4
Ng4 9. Rg1 Nge5 10. Nxe5 dxe5 11. Nd5 Bd6 12. Be3 Kf8 13. gxh6 gxh6 14. O-O-O
Nb6 15. Qa5 Be6 16. Nxb6 axb6 17. Qd2 Ke7 18. a3 Bc7 19. Qc3 Bd6 20. f4 Qc7 21.
f5 Bd7 22. Qd2 Rhg8 23. f6+ Ke6 24. Rxg8 Rxg8 25. Bh3+ 1-0

[Event "Druzynowe Mistrzostwa Polski Juniorow - I Liga Juniorow 2019"]
[Site "Ustron"]
[Date "1899-12-30"]
[Round "4.24"]
[White "Kieca, Aleksandra"]
[Black "Frackowiak, Lena"]
[Result "1-0"]
[WhiteTitle "I"]
[BlackTitle "II"]
[WhiteElo "1516"]
[BlackElo "1039"]

1. d4 Nf6 2. Nf3 g6 3. e3 Bg7 4. Be2 O-O 5. O-O d5 6. b3 Nc6 7. Bb2 Bf5 8. a3 a6
9. c4 e6 10. Nc3 Re8 11. Rc1 Rb8 12. Na4 b5 13. cxb5 axb5 14. Bxb5 Rxb5 15. Rxc6
Bg4 16. Qd3 Rb8 17. Ne5 Bf5 18. Qd1 Nd7 19. Rc1 Nxe5 20. dxe5 Qd7 21. Nc5 Qb5
22. b4 Red8 23. g4 Be4 24. f3 Bxf3 25. Qxf3 Qe8 26. Na6 Rb7 27. Rxc7 Rxc7 28.
Nxc7 Qd7 29. Na6 Qa7 30. Nc5 Rf8 31. g5 Qe7 32. Qf4 Qc7 33. Rf3 Qc6 34. Rh3 Qb5
35. Qh4 1-0

[Event "Druzynowe Mistrzostwa Polski Juniorow - I Liga Juniorow 2019"]
[Site "Ustron"]
[Date "1899-12-30"]
[Round "4.25"]
[White "Skurniak, Szymon"]
[Black "Warchol, Bartosz"]
[Result "0-1"]
[WhiteTitle "I+"]
[BlackTitle "I++"]
[WhiteElo "2066"]
[BlackElo "1992"]

1. e4 c5 2. Nf3 d6 3. d4 cxd4 4. Nxd4 Nf6 5. Nc3 a6 6. Bc4 e6 7. O-O Be7 8. a4
O-O 9. Qf3 Qc7 10. Bb3 Nc6 11. Be3 Bd7 12. Qg3 Ne5 13. Bh6 Nh5 14. Qh3 Nf6 15.
Qg3 Ne8 16. Bg5 Bxg5 17. Qxg5 Nf6 18. Qe3 Rac8 19. Rfd1 Rfd8 20. Nf3 Be8 21. Nxe5
dxe5 22. Ne2 Qa5 23. c3 Rc6 24. Rxd8 Qxd8 25. Rd1 Qb6 26. Bc2 Qxb2 27. Qd3 Qb6
28. Rb1 Qc7 29. Qe3 b6 30. Bd3 a5 31. Bb5 Rc5 32. Bxe8 Nxe8 33. Qd3 Nd6 34. Qa6
Nc4 35. Rd1 Qc8 36. f4 g6 37. Qxc8+ Rxc8 38. fxe5 Nxe5 39. Rd6 Nc4 40. Rd7 Nb2
41. Nd4 Nxa4 42. Nb5 Nc5 43. Rxf7 Kxf7 44. Nd6+ Kf6 45. e5+ Kxe5 46. Nxc8 Nd7
0-1

[Event "Druzynowe Mistrzostwa Polski Juniorow - I Liga Juniorow 2019"]
[Site "Ustron"]
[Date "1899-12-30"]
[Round "4.26"]
[White "Dylag, Emilia"]
[Black "Dixa, Oskar"]
[Result "0-1"]
[WhiteTitle "k+"]
[BlackTitle "k"]
[WhiteElo "2099"]
[BlackElo "2019"]

1. d4 Nf6 2. Nc3 d5 3. Bf4 Bf5 4. e3 e6 5. Nb5 Na6 6. Nf3 c6 7. Nc3 Nb4 8. Bd3
Nxd3+ 9. cxd3 Be7 10. Ne5 Nd7 11. O-O Nxe5 12. Bxe5 O-O 13. Rb1 Qd7 14. Qe2 Rac8
15. Rfd1 Rfd8 16. e4 Bg6 17. Rbc1 b6 18. Bg3 Bf6 19. e5 Be7 20. Qg4 c5 21. Bh4
Bxh4 22. Qxh4 c4 23. dxc4 Rxc4 24. b3 Rcc8 25. h3 h6 26. Qf4 Rc6 27. a4 Rdc8 28.
Qd2 a6 29. Ne2 Bc2 30. Re1 Bxb3 31. a5 bxa5 32. Qxa5 Rxc1 33. Nxc1 Bc4 34. Re3
Qb5 35. Qd2 Qb1 36. Kh2 Bb5 37. Rc3 Rxc3 38. Qxc3 Bc4 39. Qd2 a5 40. Ne2 a4 41.
Nc3 Qb4 42. Qc1 a3 43. Qa1 Qb2 44. Qxb2 axb2 45. Kg3 Bd3 0-1

[Event "Druzynowe Mistrzostwa Polski Juniorow - I Liga Juniorow 2019"]
[Site "Ustron"]
[Date "1899-12-30"]
[Round "4.27"]
[White "Ochedzan, Tymon"]
[Black "Wasik, Mateusz"]
[Result "1-0"]
[WhiteTitle "CM"]
[BlackTitle "I"]
[WhiteElo "2064"]
[BlackElo "1847"]

1. e4 c5 2. Nf3 e6 3. d4 cxd4 4. Nxd4 Nc6 5. Nc3 a6 6. Be3 Nf6 7. a3 Qc7 8. Be2
Be7 9. O-O O-O 10. Kh1 b5 11. f4 d6 12. e5 dxe5 13. Nxc6 Qxc6 14. fxe5 Bb7 15.
Bf3 Nd5 16. Nxd5 exd5 17. Qd2 Rac8 18. c3 a5 19. Rad1 Rfd8 20. Bh5 f6 21. Bd4
Rf8 22. Bg4 Rcd8 23. Qe3 fxe5 24. Qxe5 Bf6 25. Be6+ Rf7 26. Rxf6 1-0

[Event "Druzynowe Mistrzostwa Polski Juniorow - I Liga Juniorow 2019"]
[Site "Ustron"]
[Date "1899-12-30"]
[Round "4.28"]
[White "Jozefczyk, Szymon"]
[Black "Jedraszek, Pawel"]
[Result "0-1"]
[WhiteTitle "II"]
[BlackTitle "I"]
[WhiteElo "1714"]
[BlackElo "1807"]

1. d4 Nf6 2. Nc3 g6 3. e4 d6 4. f4 Bg7 5. Nf3 O-O 6. Be3 c6 7. Be2 b5 8. e5 Ng4
9. Bg1 dxe5 10. dxe5 Nh6 11. h3 Bf5 12. Nd4 Qa5 13. Nb3 Qc7 14. Bf3 Rd8 15. Qe2
Na6 16. g4 Bxc2 17. Nd4 Nb4 18. a3 Nd3+ 19. Kf1 Rxd4 20. Bxd4 Bb3 21. Kg1 Bc4
22. Qe4 Rd8 23. b3 c5 24. bxc4 cxd4 25. Qxd3 dxc3 26. Qxc3 bxc4 27. Rc1 Qb6+ 28.
Kg2 Rd3 29. Qb4 Qe3 30. Rhf1 Rd2+ 31. Kg3 Bxe5 32. Rxc4 g5 33. fxe5 Qxe5+ 34.
Rf4 gxf4+ 35. Qxf4 Qxf4+ 36. Kxf4 Kg7 37. Re1 e6 38. Re3 Ra2 39. Bc6 Ng8 40. Rb3
Ne7 41. Be4 Nc8 42. h4 Nb6 43. Bc6 Nc4 44. a4 Na5 45. Rc3 Nxc6 46. Rxc6 Rxa4+
47. Kg5 Ra5+ 48. Kf4 h6 49. Rc4 Kf6 50. Rc7 Ra4+ 51. Kf3 a5 52. Ra7 Ra1 53. g5+
hxg5 54. hxg5+ Kg6 55. Ke4 a4 56. Kd3 a3 57. Kc2 a2 58. Kb2 Rg1 59. Kxa2 Rxg5
60. Kb3 Rc5 61. Kb4 Rc8 62. Ra5 f5 63. Kb5 e5 64. Kb6 e4 65. Kb7 Rc1 66. Ra8 Kg5
0-1

[Event "Druzynowe Mistrzostwa Polski Juniorow - I Liga Juniorow 2019"]
[Site "Ustron"]
[Date "1899-12-30"]
[Round "4.29"]
[White "Wawrzyniak, Weronika"]
[Black "Pawlak, Emilia"]
[Result "1-0"]
[WhiteTitle "I"]
[BlackTitle "I"]
[WhiteElo "1493"]
[BlackElo "1636"]

1. e4 c5 2. Nf3 d6 3. d4 cxd4 4. Nxd4 Nf6 5. f3 a6 6. c4 e6 7. Nc3 Be7 8. Be3 Nbd7
9. Be2 O-O 10. Qd2 Qc7 11. O-O Nb6 12. b3 d5 13. cxd5 exd5 14. Rac1 dxe4 15. Nxe4
Nxe4 16. fxe4 Qd7 17. Nf5 Bf6 18. Qb4 Nd5 19. exd5 Qxd5 20. Ne7+ Bxe7 21. Qxe7
Be6 22. Qg5 Qxg5 23. Bxg5 f6 24. Bf4 Rad8 25. Rc7 b5 26. Rd1 Bf5 27. Rxd8 Rxd8
28. Ra7 g5 29. Be3 Bc8 30. Bf3 g4 31. Be2 h5 32. Kf2 f5 33. a4 bxa4 34. bxa4 Rd6
35. Ra8 Rc6 36. Bxa6 Rxa6 37. Rxc8+ Kg7 38. Rc4 Kg6 39. Rb4 Ra5 40. Bb6 Ra6 41.
a5 h4 42. Rc4 Kg5 43. Rc7 Ra8 44. Be3+ Kf6 45. Rc6+ Ke5 46. a6 f4 47. Bd2 g3+
48. hxg3 fxg3+ 49. Kf3 Rg8 50. Bf4+ Kf5 51. a7 h3 52. gxh3 g2 53. Be3 Ke4+ 54.
Kxe4 1-0

[Event "Druzynowe Mistrzostwa Polski Juniorow - I Liga Juniorow 2019"]
[Site "Ustron"]
[Date "1899-12-30"]
[Round "4.30"]
[White "Szopa, Emilia"]
[Black "Barwinska, Ewa"]
[Result "0-1"]
[WhiteTitle "I+"]
[BlackTitle "I++"]
[WhiteElo "1415"]
[BlackElo "1724"]

1. e4 c5 2. Nf3 Nc6 3. d4 cxd4 4. Nxd4 Qb6 5. Nb3 Nf6 6. Nc3 e6 7. Be3 Qc7 8. Be2
a6 9. f4 d6 10. a4 b6 11. O-O Be7 12. Bf3 Bb7 13. Nd4 O-O 14. Nxc6 Bxc6 15. Qd4
Rab8 16. e5 dxe5 17. Qc4 Rfc8 18. Bxc6 Qxc6 19. Qe2 exf4 20. Bxf4 Bc5+ 21. Kh1
Ra8 22. Rf3 Bd6 23. Bxd6 Qxd6 24. Rd1 Qc6 25. Rg3 Rd8 26. Rf1 Kh8 27. Rf4 Qd6
28. Rh4 Rac8 29. Rd3 Qc5 30. Rxd8+ Rxd8 31. Rh3 Qg5 32. Rd3 Qc1+ 33. Rd1 Rxd1+
34. Nxd1 h6 35. Kg1 Nd5 36. c3 Qa1 37. Qd3 Qxa4 38. Kf2 Qf4+ 39. Kg1 b5 40. g3
Qe5 41. Kg2 Qg5 42. Qf3 Qc1 43. Kh3 Qb1 44. Kg2 Qf5 45. Qe2 Nb6 46. Qf3 Qxf3+
47. Kxf3 Nc4 48. Ke4 f5+ 49. Kd4 e5+ 50. Kc5 e4 51. b3 e3 52. Nxe3 Nxe3 53. Kb6
Nd5+ 54. Kxa6 Nxc3 0-1

[Event "Druzynowe Mistrzostwa Polski Juniorow - I Liga Juniorow 2019"]
[Site "Ustron"]
[Date "1899-12-30"]
[Round "5.1"]
[White "Warchol, Bartosz"]
[Black "Fus, Jakub"]
[Result "0-1"]
[WhiteTitle "I++"]
[BlackTitle "FM"]
[WhiteElo "1992"]
[BlackElo "2341"]

1. d4 Nf6 2. c4 g6 3. Nf3 Bg7 4. g3 O-O 5. Bg2 d6 6. Nc3 Nc6 7. O-O Bf5 8. Ne1
Bd7 9. e4 e5 10. d5 Nd4 11. Nc2 Nxc2 12. Qxc2 Ng4 13. h3 Nh6 14. Be3 f5 15. Qd2
Nf7 16. Rac1 a6 17. b4 Qf6 18. f4 exf4 19. gxf4 Rae8 20. c5 fxe4 21. Nxe4 Qe7
22. Rce1 Nh6 23. Bd4 Bxd4+ 24. Qxd4 Nf5 25. Qc3 Qg7 26. Qxg7+ Kxg7 27. Ng5 Ne3
28. Rf2 Nxg2 29. Rxe8 Rxe8 30. Kxg2 h6 31. Ne6+ Bxe6 32. dxe6 Rxe6 33. cxd6 Rxd6
34. Kf3 Rd4 35. Rb2 Kf6 36. b5 Kf5 37. bxa6 bxa6 38. Rc2 Rd3+ 39. Kg2 Ra3 40.
Rxc7 Rxa2+ 41. Kf3 Ra3+ 42. Kg2 Kxf4 43. Rc4+ Kg5 44. Rc5+ Kh4 45. Rc4+ Kh5 46.
Rc5+ g5 47. Kh2 a5 48. Kg2 a4 49. Ra5 Kh4 50. Ra6 h5 51. Ra5 Rg3+ 52. Kf2 a3 53.
Ra4+ Kxh3 0-1

[Event "Druzynowe Mistrzostwa Polski Juniorow - I Liga Juniorow 2019"]
[Site "Ustron"]
[Date "1899-12-30"]
[Round "5.2"]
[White "Baum, Jonasz"]
[Black "Dylag, Emilia"]
[Result "1-0"]
[WhiteTitle "FM"]
[BlackTitle "k+"]
[WhiteElo "2295"]
[BlackElo "2099"]

1. d4 c5 2. d5 d6 3. e4 g6 4. Nf3 Bg7 5. Bb5+ Nd7 6. a4 Ngf6 7. Nc3 O-O 8. O-O
a6 9. Be2 Rb8 10. Re1 Ne8 11. Bf4 Nc7 12. Bf1 b5 13. axb5 axb5 14. e5 dxe5 15.
Nxe5 Nxe5 16. Bxe5 Bxe5 17. Rxe5 Qd6 18. Re1 Bf5 19. Qd2 Rfd8 20. Qh6 c4 21. Rad1
Qf6 22. Qf4 Rd7 23. Rd2 h5 24. h3 g5 25. Qf3 Bg6 26. Qxf6 exf6 27. d6 Ne6 28.
b3 Rc8 29. Nd5 c3 30. Rdd1 Rb7 31. Ne7+ Rxe7 32. dxe7 Re8 33. Bxb5 Rxe7 34. Bd3
Bxd3 35. Rxd3 Rc7 36. g3 f5 37. Re5 f4 38. gxf4 Nxf4 39. Rxg5+ Kh7 40. Re3 f6
41. Rf5 Ng6 42. Rxf6 Nh4 43. Rf4 Ng6 44. Rc4 1-0

[Event "Druzynowe Mistrzostwa Polski Juniorow - I Liga Juniorow 2019"]
[Site "Ustron"]
[Date "1899-12-30"]
[Round "5.3"]
[White "Wasik, Mateusz"]
[Black "Janeczko, Jakub"]
[Result "1-0"]
[WhiteTitle "I"]
[BlackTitle "I"]
[WhiteElo "1847"]
[BlackElo "1725"]

1. e4 c5 2. Nf3 e6 3. d4 cxd4 4. Nxd4 Nf6 5. Nc3 Nc6 6. Be2 Bb4 7. O-O O-O 8. Nxc6
bxc6 9. e5 Nd5 10. Ne4 f5 11. Bg5 Qc7 12. Nd6 h6 13. Bc1 Bc5 14. c4 Ne7 15. Qd2
a5 16. b3 Bb4 17. Qd4 Qa7 18. Qd3 Ba6 19. Qg3 Kh7 20. Bb2 Rg8 21. h4 Raf8 22.
h5 Bc5 23. Rad1 g5 24. hxg6+ Rxg6 25. Qh4 Nc8 26. Bh5 Rgg8 27. Bf7 Rg4 28. Qf6
f4 29. Rd3 Be3 30. fxe3 fxe3 31. Bd4 Rxd4 1-0

[Event "Druzynowe Mistrzostwa Polski Juniorow - I Liga Juniorow 2019"]
[Site "Ustron"]
[Date "1899-12-30"]
[Round "5.4"]
[White "Pancewicz, Szymon"]
[Black "Jozefczyk, Szymon"]
[Result "1-0"]
[WhiteTitle "I+"]
[BlackTitle "II"]
[WhiteElo "1724"]
[BlackElo "1714"]

1. e4 d6 2. d4 Nf6 3. Nc3 c6 4. Bd3 Qb6 5. Nge2 Nbd7 6. O-O e5 7. dxe5 dxe5 8.
a3 a5 9. Be3 Qc7 10. h3 Bc5 11. Qd2 O-O 12. f4 Qb6 13. Bxc5 Nxc5 14. Kh1 Re8 15.
fxe5 Rxe5 16. Qf4 Qc7 17. Nd4 Qd6 18. Nf3 Ncd7 19. Nxe5 Nxe5 20. Rad1 Qc7 21.
Qg3 Nh5 22. Qg5 Nxd3 23. Qxh5 g6 24. Qg5 h6 25. Qf6 Nf2+ 26. Rxf2 Be6 27. Rfd2
Kh7 28. Rd8 1-0

[Event "Druzynowe Mistrzostwa Polski Juniorow - I Liga Juniorow 2019"]
[Site "Ustron"]
[Date "1899-12-30"]
[Round "5.5"]
[White "Pawlak, Emilia"]
[Black "Tarka, Aleksandra"]
[Result "1/2-1/2"]
[WhiteTitle "I"]
[BlackTitle "I++"]
[WhiteElo "1636"]
[BlackElo "1574"]

1. Nf3 d5 2. g3 Nf6 3. Bg2 c5 4. O-O Nc6 5. d3 Bg4 6. Nbd2 e6 7. Re1 Be7 8. c3
O-O 9. e4 dxe4 10. dxe4 Ne5 11. Qc2 Qd3 12. Qxd3 Nxd3 13. Re3 Nxc1 14. Rxc1 Rfd8
15. Nc4 Bh5 16. h3 Bg6 17. Nh4 b5 18. Ne5 Rd2 19. Nhxg6 hxg6 20. Rb1 Rad8 21.
Nc6 R8d7 22. Nxe7+ Rxe7 23. Kf1 Red7 24. Re2 Rd1+ 25. Rxd1 Rxd1+ 26. Re1 Rd2 27.
Rb1 Nd7 28. Ke1 Rd6 29. Rd1 Rxd1+ 30. Kxd1 Ne5 31. f4 Nc4 32. Kc1 e5 33. Bf1 Nd6
34. fxe5 Nxe4 35. Bxb5 Nxg3 36. b4 cxb4 37. cxb4 Kf8 38. a4 Ke7 39. Bc4 Ne4 40.
b5 Nc5 41. a5 f6 42. e6 f5 43. b6 axb6 44. axb6 Kd6 45. Kd2 g5 46. Ke3 Nb7 47.
Kd4 Nd8 48. Bd5 g6 49. Ke3 Ke7 50. Kd3 g4 51. hxg4 fxg4 52. Ke3 Kd6 53. Kf2 Nxe6
54. b7 Kc7 55. Bxe6 1/2-1/2